[Event "50+ World Senior Team Championship"]
[Site "chess24.com"]
[Date "2017.04.25"]
[Round "2"]
[White "Kantsler, Boris"]
[Black "Mannion, Stephen R"]
[Result "1/2-1/2"]
[Board "1"]
[WhiteElo "2436"]
[WhiteTitle "GM"]
[WhiteCountry "ISR"]
[WhiteFideId "2805359"]
[WhiteEloChange "-1"]
[BlackElo "2335"]
[BlackTitle "IM"]
[BlackCountry "SCO"]
[BlackFideId "2400111"]
[BlackEloChange "3"]

1. d4 {[%clk 1:30:56]} d5 {[%clk 1:30:55]} 2. c4 {[%clk 1:31:24]} dxc4 {[%clk
1:31:16]} 3. Nf3 {[%clk 1:31:51]} Nf6 {[%clk 1:31:28]} 4. e3 {[%clk 1:32:14]} Bg4
{[%clk 1:31:41]} 5. Bxc4 {[%clk 1:31:50]} e6 {[%clk 1:32:04]} 6. O-O {[%clk
1:31:44]} a6 {[%clk 1:32:19]} 7. h3 {[%clk 1:31:52]} Bh5 {[%clk 1:32:37]} 8. Be2
{[%clk 1:31:46]} Nc6 {[%clk 1:31:39]} 9. Nbd2 {[%clk 1:31:20]} Bd6 {[%clk
1:29:33]} 10. Nc4 {[%clk 1:31:33]} O-O {[%clk 1:29:17]} 11. b3 {[%clk 1:31:44]}
b5 {[%clk 1:26:29]} 12. Nxd6 {[%clk 1:17:43]} cxd6 {[%clk 1:26:51]} 13. Bb2
{[%clk 1:17:19]} Qb6 {[%clk 1:23:10]} 14. Ne1 {[%clk 1:08:21]} Bg6 {[%clk
1:18:21]} 15. Nd3 {[%clk 1:08:17]} Rac8 {[%clk 1:14:08]} 16. Nf4 {[%clk 0:58:17]}
e5 {[%clk 1:09:38]} 17. Nxg6 {[%clk 0:56:41]} hxg6 {[%clk 1:09:57]} 18. Bf3
{[%clk 0:56:36]} e4 {[%clk 0:51:54]} 19. Be2 {[%clk 0:56:13]} Nb4 {[%clk
0:46:25]} 20. a3 {[%clk 0:54:01]} Nbd5 {[%clk 0:46:47]} 21. Qd2 {[%clk 0:51:46]}
Rc6 {[%clk 0:45:27]} 22. Rfc1 {[%clk 0:49:41]} Rfc8 {[%clk 0:43:48]} 23. Rxc6
{[%clk 0:49:45]} Rxc6 {[%clk 0:44:06]} 24. Rc1 {[%clk 0:50:14]} Qc7 {[%clk
0:41:53]} 25. Rxc6 {[%clk 0:49:38]} Qxc6 {[%clk 0:42:20]} 26. Bd1 {[%clk
0:50:01]} Qc7 {[%clk 0:35:14]} 27. Qc2 {[%clk 0:39:01]} Qxc2 {[%clk 0:29:48]} 28.
Bxc2 {[%clk 0:39:28]} a5 {[%clk 0:29:19]} 29. Kf1 {[%clk 0:36:45]} Kf8 {[%clk
0:10:03]} 30. Ke2 {[%clk 0:36:50]} Ke7 {[%clk 0:10:30]} 31. f3 {[%clk 0:24:29]}
exf3+ {[%clk 0:10:44]} 32. Kxf3 {[%clk 0:24:52]} b4 {[%clk 0:09:28]} 33. a4
{[%clk 0:20:11]} Nb6 {[%clk 0:08:26]} 34. e4 {[%clk 0:20:19]} d5 {[%clk 0:08:48]}
35. e5 {[%clk 0:20:40]} Nfd7 {[%clk 0:07:01]} 36. Bc1 {[%clk 0:18:53]} Nf8 {[%clk
0:07:29]} 37. Bg5+ {[%clk 0:17:59]} Ke8 {[%clk 0:07:26]} 38. Ke3 {[%clk 0:12:42]}
Ne6 {[%clk 0:05:24]} 39. Bh4 {[%clk 0:12:55]} Kf8 {[%clk 0:02:50]} 40. Bd3 {[%clk
0:42:12]} Ke8 {[%clk 0:31:09]} 41. Bb5+ {[%clk 0:39:32]} Kf8 {[%clk 0:30:07]} 42.
Bc6 {[%clk 0:35:57]} g5 {[%clk 0:26:43]} 43. Bg3 {[%clk 0:34:20]} Ke7 {[%clk
0:27:00]} 44. Bb5 {[%clk 0:30:23]} Nc8 {[%clk 0:20:14]} 45. Bc6 {[%clk 0:23:45]}
Nb6 {[%clk 0:20:39]} 46. Bb5 {[%clk 0:20:41]} Nc8 {[%clk 0:20:16]} 47. Bc6 {[%clk
0:20:40]} Nb6 {[%clk 0:20:40]} 1/2-1/2

[Event "50+ World Senior Team Championship"]
[Site "chess24.com"]
[Date "2017.04.25"]
[Round "2"]
[White "Jamieson, Peter M"]
[Black "Gruenfeld, Yehuda"]
[Result "1/2-1/2"]
[Board "2"]
[WhiteElo "2219"]
[WhiteTitle "FM"]
[WhiteCountry "SCO"]
[WhiteFideId "2400146"]
[WhiteEloChange "5"]
[BlackElo "2410"]
[BlackTitle "GM"]
[BlackCountry "ISR"]
[BlackFideId "2800020"]
[BlackEloChange "-3"]

1. d4 {[%clk 1:30:45]} Nf6 {[%clk 1:30:41]} 2. Bg5 {[%clk 1:30:31]} d5 {[%clk
1:28:24]} 3. e3 {[%clk 1:28:30]} c5 {[%clk 1:24:47]} 4. c3 {[%clk 1:24:48]} e6
{[%clk 1:24:48]} 5. Nf3 {[%clk 1:25:01]} Be7 {[%clk 1:24:30]} 6. Bd3 {[%clk
1:25:24]} O-O {[%clk 1:22:10]} 7. Nbd2 {[%clk 1:25:40]} b6 {[%clk 1:16:26]} 8.
Qe2 {[%clk 1:20:56]} Bb7 {[%clk 1:15:48]} 9. O-O {[%clk 1:19:25]} Nbd7 {[%clk
1:15:06]} 10. Ne5 {[%clk 1:16:37]} Nxe5 {[%clk 1:13:51]} 11. dxe5 {[%clk
1:17:05]} Nd7 {[%clk 1:13:57]} 12. Bxe7 {[%clk 1:17:05]} Qxe7 {[%clk 1:14:19]}
13. f4 {[%clk 1:17:09]} f6 {[%clk 1:04:42]} 14. exf6 {[%clk 1:14:26]} Rxf6 {[%clk
1:00:52]} 15. e4 {[%clk 1:10:22]} c4 {[%clk 0:59:45]} 16. Bc2 {[%clk 1:09:15]}
Raf8 {[%clk 0:59:12]} 17. Qe3 {[%clk 1:06:00]} Qc5 {[%clk 0:51:14]} 18. Qxc5
{[%clk 1:04:52]} Nxc5 {[%clk 0:51:32]} 19. exd5 {[%clk 1:02:31]} Bxd5 {[%clk
0:47:47]} 20. b4 {[%clk 1:01:23]} Nb7 {[%clk 0:45:42]} 21. g3 {[%clk 1:01:17]}
Nd6 {[%clk 0:46:01]} 22. a4 {[%clk 0:57:52]} h6 {[%clk 0:39:32]} 23. Rae1 {[%clk
0:57:10]} a5 {[%clk 0:33:50]} 24. Rb1 {[%clk 0:50:33]} g5 {[%clk 0:29:53]} 25.
fxg5 {[%clk 0:45:27]} Rxf1+ {[%clk 0:29:32]} 26. Rxf1 {[%clk 0:43:31]} Rxf1+
{[%clk 0:28:03]} 27. Kxf1 {[%clk 0:43:30]} 1/2-1/2

[Event "50+ World Senior Team Championship"]
[Site "chess24.com"]
[Date "2017.04.25"]
[Round "2"]
[White "Maryasin, Boris"]
[Black "Bhopal, Raj"]
[Result "1/2-1/2"]
[Board "3"]
[WhiteElo "2335"]
[WhiteTitle "IM"]
[WhiteCountry "ISR"]
[WhiteFideId "2801892"]
[WhiteEloChange "-8"]
[BlackElo "1951"]
[BlackCountry "SCO"]
[BlackFideId "2404443"]
[BlackEloChange "8"]

1. e4 {[%clk 1:30:47]} c5 {[%clk 1:30:55]} 2. Nf3 {[%clk 1:31:00]} d6 {[%clk
1:31:19]} 3. d4 {[%clk 1:31:04]} cxd4 {[%clk 1:31:44]} 4. Nxd4 {[%clk 1:31:26]}
Nf6 {[%clk 1:32:09]} 5. Nc3 {[%clk 1:31:50]} a6 {[%clk 1:32:36]} 6. f4 {[%clk
1:31:20]} e5 {[%clk 1:32:59]} 7. Nf3 {[%clk 1:31:43]} Qc7 {[%clk 1:33:17]} 8. Bd3
{[%clk 1:31:50]} Be7 {[%clk 1:33:08]} 9. O-O {[%clk 1:31:57]} O-O {[%clk
1:33:15]} 10. Kh1 {[%clk 1:31:46]} Nbd7 {[%clk 1:32:05]} 11. Qe1 {[%clk 1:30:51]}
b5 {[%clk 1:26:52]} 12. Nh4 {[%clk 1:27:46]} g6 {[%clk 1:12:46]} 13. f5 {[%clk
1:27:29]} b4 {[%clk 1:06:10]} 14. Nd1 {[%clk 1:27:09]} a5 {[%clk 1:00:37]} 15.
Bh6 {[%clk 1:26:29]} Re8 {[%clk 1:00:04]} 16. fxg6 {[%clk 1:25:34]} hxg6 {[%clk
0:57:03]} 17. Nf5 {[%clk 1:20:02]} Bf8 {[%clk 0:44:30]} 18. Bxf8 {[%clk 1:14:00]}
Kxf8 {[%clk 0:34:14]} 19. Nfe3 {[%clk 1:08:42]} Bb7 {[%clk 0:31:48]} 20. a3
{[%clk 1:07:44]} Qc5 {[%clk 0:27:26]} 21. Nf2 {[%clk 0:57:27]} Kg7 {[%clk
0:26:59]} 22. axb4 {[%clk 0:53:03]} axb4 {[%clk 0:26:51]} 23. Rxa8 {[%clk
0:53:27]} Rxa8 {[%clk 0:26:43]} 24. Nfg4 {[%clk 0:52:39]} Nxg4 {[%clk 0:25:49]}
25. Nxg4 {[%clk 0:53:02]} Rh8 {[%clk 0:23:25]} 26. Qe2 {[%clk 0:52:07]} Bc6
{[%clk 0:17:40]} 27. Qf3 {[%clk 0:52:06]} f5 {[%clk 0:17:26]} 28. Ne3 {[%clk
0:51:17]} Rf8 {[%clk 0:14:59]} 29. Qh3 {[%clk 0:50:25]} Rh8 {[%clk 0:12:37]} 30.
Nxf5+ {[%clk 0:50:05]} gxf5 {[%clk 0:12:53]} 31. Qxf5 {[%clk 0:49:01]} Rf8 {[%clk
0:12:00]} 32. Qg5+ {[%clk 0:48:54]} Kh8 {[%clk 0:09:31]} 33. Qh5+ {[%clk
0:36:42]} Kg8 {[%clk 0:09:07]} 1/2-1/2

[Event "50+ World Senior Team Championship"]
[Site "chess24.com"]
[Date "2017.04.25"]
[Round "2"]
[White "Aird, Ian"]
[Black "Polyakov, Alex"]
[Result "0-1"]
[Board "4"]
[WhiteElo "1852"]
[WhiteCountry "SCO"]
[WhiteFideId "2401347"]
[WhiteEloChange "-2"]
[BlackElo "2223"]
[BlackCountry "ISR"]
[BlackFideId "2807220"]
[BlackEloChange "2"]

1. c4 {[%clk 1:30:55]} Nf6 {[%clk 1:30:13]} 2. Nc3 {[%clk 1:31:15]} e5 {[%clk
1:30:30]} 3. Nf3 {[%clk 1:31:26]} d6 {[%clk 1:30:30]} 4. d4 {[%clk 1:31:00]} Nbd7
{[%clk 1:28:37]} 5. g3 {[%clk 1:30:26]} c6 {[%clk 1:24:53]} 6. Bg2 {[%clk
1:30:45]} Qc7 {[%clk 1:25:05]} 7. O-O {[%clk 1:30:43]} Be7 {[%clk 1:25:30]} 8.
Rb1 {[%clk 1:29:55]} a5 {[%clk 1:23:08]} 9. b3 {[%clk 1:26:51]} O-O {[%clk
1:22:00]} 10. Bb2 {[%clk 1:24:58]} Re8 {[%clk 1:22:09]} 11. e3 {[%clk 1:21:17]}
Nf8 {[%clk 1:10:24]} 12. Qc2 {[%clk 1:15:21]} Bg4 {[%clk 1:09:08]} 13. Rbc1
{[%clk 1:08:34]} Rad8 {[%clk 0:58:51]} 14. h3 {[%clk 1:03:47]} Bh5 {[%clk
0:57:47]} 15. Nh4 {[%clk 1:02:51]} N6d7 {[%clk 0:44:31]} 16. Nf5 {[%clk 1:00:29]}
exd4 {[%clk 0:39:27]} 17. Nxd4 {[%clk 0:57:42]} Bg6 {[%clk 0:38:48]} 18. Qd2
{[%clk 0:55:15]} Nc5 {[%clk 0:38:58]} 19. e4 {[%clk 0:53:43]} Bf6 {[%clk
0:34:21]} 20. Rfe1 {[%clk 0:52:51]} Qb6 {[%clk 0:32:38]} 21. Rcd1 {[%clk
0:48:55]} Nfd7 {[%clk 0:26:16]} 22. f4 {[%clk 0:46:37]} h6 {[%clk 0:23:24]} 23.
Kh2 {[%clk 0:46:50]} a4 {[%clk 0:21:59]} 24. Nxa4 {[%clk 0:43:37]} Nxa4 {[%clk
0:22:25]} 25. bxa4 {[%clk 0:43:55]} Nc5 {[%clk 0:22:19]} 26. f5 {[%clk 0:36:59]}
Nxa4 {[%clk 0:20:26]} 27. Ba1 {[%clk 0:36:31]} Bh7 {[%clk 0:20:52]} 28. Nb3
{[%clk 0:34:01]} Be5 {[%clk 0:20:18]} 29. Bd4 {[%clk 0:33:16]} Qa6 {[%clk
0:13:22]} 30. Bf1 {[%clk 0:32:00]} Qa8 {[%clk 0:13:44]} 31. Bg2 {[%clk 0:30:58]}
f6 {[%clk 0:12:01]} 32. Rb1 {[%clk 0:23:06]} Kh8 {[%clk 0:11:47]} 33. Red1 {[%clk
0:18:44]} Bg8 {[%clk 0:12:12]} 34. Qc2 {[%clk 0:18:35]} Qa6 {[%clk 0:09:13]} 35.
Bf1 {[%clk 0:18:18]} Bxd4 {[%clk 0:09:11]} 36. Rxd4 {[%clk 0:17:24]} c5 {[%clk
0:08:45]} 37. Rd2 {[%clk 0:16:41]} Nb6 {[%clk 0:09:01]} 38. Rc1 {[%clk 0:15:55]}
Qa4 {[%clk 0:07:51]} 39. Bd3 {[%clk 0:13:35]} Nd7 {[%clk 0:07:43]} 40. Be2 {[%clk
0:39:36]} Ne5 {[%clk 0:38:00]} 41. Na1 {[%clk 0:38:35]} Ra8 {[%clk 0:36:16]} 42.
Qb3 {[%clk 0:34:28]} Qc6 {[%clk 0:35:18]} 43. Rb1 {[%clk 0:28:16]} Ra7 {[%clk
0:34:53]} 44. Qb6 {[%clk 0:27:50]} Rea8 {[%clk 0:35:19]} 45. Qxc6 {[%clk
0:24:33]} bxc6 {[%clk 0:35:26]} 46. Rbb2 {[%clk 0:21:32]} Bxc4 {[%clk 0:32:22]}
47. Nb3 {[%clk 0:20:57]} Bf7 {[%clk 0:31:09]} 48. Nc1 {[%clk 0:20:07]} d5 {[%clk
0:31:17]} 49. Nd3 {[%clk 0:17:40]} Nc4 {[%clk 0:29:47]} 0-1

[Event "50+ World Senior Team Championship"]
[Site "chess24.com"]
[Date "2017.04.25"]
[Round "2"]
[White "Beilfuss, Wilfried, Dr."]
[Black "Lewis, Andrew P"]
[Result "0-1"]
[Board "2"]
[WhiteElo "2176"]
[WhiteCountry "GER"]
[WhiteFideId "4607856"]
[WhiteEloChange "-8"]
[BlackElo "2245"]
[BlackTitle "FM"]
[BlackCountry "ENG"]
[BlackFideId "400955"]
[BlackEloChange "8"]

1. g3 {[%clk 1:30:56]} g6 {[%clk 1:30:40]} 2. Bg2 {[%clk 1:31:14]} Bg7 {[%clk
1:30:57]} 3. d4 {[%clk 1:31:25]} Nf6 {[%clk 1:31:09]} 4. e4 {[%clk 1:31:42]} d6
{[%clk 1:29:06]} 5. Ne2 {[%clk 1:31:58]} c5 {[%clk 1:27:15]} 6. dxc5 {[%clk
1:31:40]} Qa5+ {[%clk 1:26:30]} 7. Nbc3 {[%clk 1:30:48]} Qxc5 {[%clk 1:24:05]} 8.
O-O {[%clk 1:31:01]} Qh5 {[%clk 1:15:23]} 9. Nd5 {[%clk 1:20:27]} Nxd5 {[%clk
1:09:50]} 10. exd5 {[%clk 1:20:49]} Bh3 {[%clk 1:08:05]} 11. Bxh3 {[%clk
1:03:52]} Qxh3 {[%clk 1:05:37]} 12. Nf4 {[%clk 1:04:06]} Qd7 {[%clk 1:05:13]} 13.
Re1 {[%clk 1:03:48]} O-O {[%clk 1:03:42]} 14. c3 {[%clk 1:02:46]} Qc7 {[%clk
0:57:00]} 15. Be3 {[%clk 0:57:11]} Nd7 {[%clk 0:56:53]} 16. Bd4 {[%clk 0:57:17]}
Ne5 {[%clk 0:52:00]} 17. Nd3 {[%clk 0:52:53]} Rfe8 {[%clk 0:49:04]} 18. f4 {[%clk
0:52:15]} Nd7 {[%clk 0:46:14]} 19. Bxg7 {[%clk 0:52:32]} Kxg7 {[%clk 0:46:33]}
20. Nf2 {[%clk 0:46:08]} Qc5 {[%clk 0:40:07]} 21. Qd2 {[%clk 0:43:10]} Nf6 {[%clk
0:40:04]} 22. Rad1 {[%clk 0:43:20]} Rac8 {[%clk 0:32:59]} 23. Kg2 {[%clk
0:43:31]} Qc4 {[%clk 0:32:59]} 24. Re3 {[%clk 0:24:00]} Rc5 {[%clk 0:27:33]} 25.
Rd3 {[%clk 0:23:04]} Qxa2 {[%clk 0:26:55]} 26. Rd4 {[%clk 0:19:02]} Rb5 {[%clk
0:20:03]} 27. b4 {[%clk 0:15:51]} Qxd2 {[%clk 0:17:40]} 28. R1xd2 {[%clk
0:16:06]} Rc8 {[%clk 0:17:38]} 29. R2d3 {[%clk 0:15:42]} Rc7 {[%clk 0:16:18]} 30.
Kf3 {[%clk 0:15:03]} a5 {[%clk 0:09:18]} 31. bxa5 {[%clk 0:13:43]} Rxa5 {[%clk
0:09:41]} 32. Nd1 {[%clk 0:12:42]} Ra2 {[%clk 0:07:33]} 33. h3 {[%clk 0:11:58]}
Rc5 {[%clk 0:05:56]} 34. Ne3 {[%clk 0:10:44]} Rb5 {[%clk 0:04:30]} 35. Rd2 {[%clk
0:10:38]} Ra3 {[%clk 0:02:35]} 36. Nd1 {[%clk 0:06:01]} Rbb3 {[%clk 0:01:52]} 37.
Kf2 {[%clk 0:04:16]} b5 {[%clk 0:01:25]} 38. Re2 {[%clk 0:03:55]} Kf8 {[%clk
0:01:16]} 39. Kg2 {[%clk 0:03:17]} Ra4 {[%clk 0:01:10]} 40. Red2 {[%clk 0:33:08]}
Nd7 {[%clk 0:31:04]} 41. Rxa4 {[%clk 0:17:02]} bxa4 {[%clk 0:31:16]} 42. Ra2
{[%clk 0:16:02]} Nb6 {[%clk 0:26:42]} 43. Rd2 {[%clk 0:10:03]} a3 {[%clk
0:25:52]} 44. Kf3 {[%clk 0:09:42]} Rb5 {[%clk 0:15:23]} 45. Ke4 {[%clk 0:09:03]}
f5+ {[%clk 0:12:39]} 0-1

[Event "50+ World Senior Team Championship"]
[Site "chess24.com"]
[Date "2017.04.25"]
[Round "2"]
[White "Dunn, Andrew"]
[Black "Mueller, Gerhard"]
[Result "0-1"]
[Board "3"]
[WhiteElo "2190"]
[WhiteTitle "CM"]
[WhiteCountry "ENG"]
[WhiteFideId "401960"]
[WhiteEloChange "-12"]
[BlackElo "2127"]
[BlackCountry "GER"]
[BlackFideId "4692829"]
[BlackEloChange "12"]

1. d4 {[%clk 1:30:58]} d5 {[%clk 1:30:55]} 2. Nf3 {[%clk 1:30:54]} Nf6 {[%clk
1:31:19]} 3. c4 {[%clk 1:30:31]} c6 {[%clk 1:31:37]} 4. cxd5 {[%clk 1:30:39]}
cxd5 {[%clk 1:31:58]} 5. Nc3 {[%clk 1:31:02]} e6 {[%clk 1:31:33]} 6. Bf4 {[%clk
1:29:31]} Bd6 {[%clk 1:24:57]} 7. Bxd6 {[%clk 1:28:40]} Qxd6 {[%clk 1:25:25]} 8.
e3 {[%clk 1:28:13]} Nc6 {[%clk 1:22:12]} 9. Be2 {[%clk 1:24:47]} O-O {[%clk
1:22:25]} 10. O-O {[%clk 1:25:09]} Bd7 {[%clk 1:22:13]} 11. Rc1 {[%clk 1:22:06]}
Rac8 {[%clk 1:18:58]} 12. Qd2 {[%clk 1:15:43]} Rfd8 {[%clk 1:11:33]} 13. Rfd1
{[%clk 1:12:12]} Be8 {[%clk 1:08:38]} 14. Bb5 {[%clk 1:05:06]} Ne7 {[%clk
1:04:22]} 15. Bxe8 {[%clk 1:05:14]} Nxe8 {[%clk 1:04:11]} 16. Na4 {[%clk
1:02:11]} b6 {[%clk 1:03:45]} 17. Ne5 {[%clk 0:57:15]} f6 {[%clk 1:02:05]} 18.
Nd3 {[%clk 0:57:23]} Rd7 {[%clk 0:56:03]} 19. Rxc8 {[%clk 0:54:33]} Nxc8 {[%clk
0:54:14]} 20. Rc1 {[%clk 0:53:44]} Rc7 {[%clk 0:53:58]} 21. f4 {[%clk 0:50:20]}
Ne7 {[%clk 0:51:38]} 22. Nc3 {[%clk 0:45:14]} Qd7 {[%clk 0:49:32]} 23. b3 {[%clk
0:40:07]} Nd6 {[%clk 0:48:49]} 24. a4 {[%clk 0:39:02]} Qc8 {[%clk 0:48:49]} 25.
Nf2 {[%clk 0:22:34]} Ne4 {[%clk 0:37:41]} 26. Nfxe4 {[%clk 0:22:48]} dxe4 {[%clk
0:38:09]} 27. Na2 {[%clk 0:21:02]} Rxc1+ {[%clk 0:37:17]} 28. Nxc1 {[%clk
0:21:06]} Nd5 {[%clk 0:37:22]} 29. Ne2 {[%clk 0:18:50]} f5 {[%clk 0:34:29]} 30.
Kf2 {[%clk 0:16:13]} a5 {[%clk 0:30:45]} 31. Qc1 {[%clk 0:15:45]} Qxc1 {[%clk
0:30:21]} 32. Nxc1 {[%clk 0:16:13]} Kf7 {[%clk 0:29:03]} 33. Ke2 {[%clk 0:15:53]}
h6 {[%clk 0:27:24]} 34. Kd2 {[%clk 0:14:39]} g5 {[%clk 0:26:29]} 35. g3 {[%clk
0:14:57]} gxf4 {[%clk 0:24:50]} 36. gxf4 {[%clk 0:13:58]} Kg6 {[%clk 0:24:49]}
37. Ne2 {[%clk 0:12:28]} Kh5 {[%clk 0:24:37]} 38. Ng1 {[%clk 0:08:53]} Kg4 {[%clk
0:23:44]} 39. Ke2 {[%clk 0:09:12]} Nb4 {[%clk 0:22:35]} 40. Kd2 {[%clk 0:37:59]}
Nd3 {[%clk 0:52:15]} 41. Kc3 {[%clk 0:38:09]} Nb4 {[%clk 0:45:41]} 42. Kc4 {[%clk
0:36:16]} Nd5 {[%clk 0:45:37]} 43. Kb5 {[%clk 0:36:39]} h5 {[%clk 0:42:08]} 44.
Kc6 {[%clk 0:37:02]} h4 {[%clk 0:41:51]} 45. Kd6 {[%clk 0:37:08]} Nxe3 {[%clk
0:41:59]} 46. Kxe6 {[%clk 0:37:28]} Kxf4 {[%clk 0:42:18]} 47. d5 {[%clk 0:37:37]}
Nxd5 {[%clk 0:42:29]} 48. Kxd5 {[%clk 0:37:11]} Ke3 {[%clk 0:41:14]} 49. Ke5
{[%clk 0:29:37]} f4 {[%clk 0:39:37]} 50. Nh3 {[%clk 0:29:57]} f3 {[%clk 0:39:50]}
51. Kf5 {[%clk 0:29:10]} f2 {[%clk 0:39:43]} 52. Nxf2 {[%clk 0:29:36]} Kxf2
{[%clk 0:40:08]} 53. Kxe4 {[%clk 0:29:56]} Kg2 {[%clk 0:40:30]} 54. Kd5 {[%clk
0:17:14]} Kxh2 {[%clk 0:40:50]} 55. Kc6 {[%clk 0:17:40]} Kg3 {[%clk 0:41:03]} 56.
Kxb6 {[%clk 0:18:06]} h3 {[%clk 0:41:26]} 57. Kxa5 {[%clk 0:18:32]} h2 {[%clk
0:41:09]} 58. Kb6 {[%clk 0:17:31]} h1Q {[%clk 0:41:28]} 59. a5 {[%clk 0:17:55]}
Qb1 {[%clk 0:40:19]} 60. a6 {[%clk 0:18:11]} Qxb3+ {[%clk 0:40:45]} 61. Kc7
{[%clk 0:17:38]} Qc4+ {[%clk 0:40:42]} 0-1

[Event "50+ World Senior Team Championship"]
[Site "chess24.com"]
[Date "2017.04.25"]
[Round "2"]
[White "Thoele, Wolfgang, Dr."]
[Black "Burnett, Jim"]
[Result "0-1"]
[Board "4"]
[WhiteElo "2018"]
[WhiteCountry "GER"]
[WhiteFideId "1271030"]
[WhiteEloChange "-8"]
[BlackElo "2075"]
[BlackCountry "ENG"]
[BlackFideId "402273"]
[BlackEloChange "8"]

1. e4 {[%clk 1:30:50]} e6 {[%clk 1:30:56]} 2. d4 {[%clk 1:31:09]} d5 {[%clk
1:31:23]} 3. exd5 {[%clk 1:31:33]} exd5 {[%clk 1:31:50]} 4. Bd3 {[%clk 1:31:32]}
Nc6 {[%clk 1:31:58]} 5. c3 {[%clk 1:31:54]} Bd6 {[%clk 1:31:08]} 6. Nf3 {[%clk
1:26:38]} Bg4 {[%clk 1:29:02]} 7. O-O {[%clk 1:26:41]} Nge7 {[%clk 1:29:17]} 8.
h3 {[%clk 1:26:39]} Bh5 {[%clk 1:29:21]} 9. Be3 {[%clk 1:24:37]} Qd7 {[%clk
1:24:22]} 10. Nbd2 {[%clk 1:22:54]} O-O {[%clk 1:19:32]} 11. Qc2 {[%clk 1:18:18]}
Bg6 {[%clk 1:19:27]} 12. Nh4 {[%clk 1:13:03]} Bxd3 {[%clk 1:19:00]} 13. Qxd3
{[%clk 1:13:25]} Rae8 {[%clk 1:12:50]} 14. f4 {[%clk 1:10:52]} f6 {[%clk
1:06:08]} 15. f5 {[%clk 0:56:36]} Bg3 {[%clk 1:03:36]} 16. Bf2 {[%clk 0:56:01]}
Bxh4 {[%clk 1:01:37]} 17. Bxh4 {[%clk 0:56:23]} Nc8 {[%clk 0:59:59]} 18. Bg3
{[%clk 0:52:39]} Nd8 {[%clk 0:59:07]} 19. Rae1 {[%clk 0:52:09]} Nf7 {[%clk
0:59:15]} 20. Re6 {[%clk 0:33:42]} Ng5 {[%clk 0:55:16]} 21. Rxe8 {[%clk 0:33:26]}
Rxe8 {[%clk 0:55:38]} 22. Re1 {[%clk 0:27:13]} Rxe1+ {[%clk 0:54:40]} 23. Bxe1
{[%clk 0:27:41]} Nd6 {[%clk 0:54:27]} 24. g4 {[%clk 0:24:09]} h5 {[%clk 0:50:24]}
25. Kg2 {[%clk 0:24:09]} hxg4 {[%clk 0:50:32]} 26. hxg4 {[%clk 0:20:14]} Qa4
{[%clk 0:33:08]} 27. Bg3 {[%clk 0:11:48]} Qd1 {[%clk 0:32:28]} 28. Bxd6 {[%clk
0:07:18]} cxd6 {[%clk 0:32:50]} 29. Qe3 {[%clk 0:06:49]} Qxg4+ {[%clk 0:33:09]}
30. Kh2 {[%clk 0:05:43]} Ne4 {[%clk 0:29:38]} 31. Nxe4 {[%clk 0:05:16]} dxe4
{[%clk 0:29:27]} 32. d5 {[%clk 0:03:59]} Qxf5 {[%clk 0:29:12]} 33. Qxa7 {[%clk
0:04:17]} Qxd5 {[%clk 0:28:16]} 34. Qb8+ {[%clk 0:04:39]} Kh7 {[%clk 0:27:41]}
35. Qe8 {[%clk 0:04:54]} Qf5 {[%clk 0:23:51]} 36. Qe7 {[%clk 0:04:42]} Qf4+
{[%clk 0:23:51]} 37. Kg2 {[%clk 0:04:39]} e3 {[%clk 0:24:09]} 38. Qe8 {[%clk
0:04:33]} Qf2+ {[%clk 0:24:27]} 39. Kh3 {[%clk 0:04:53]} Qf3+ {[%clk 0:24:48]}
40. Kh2 {[%clk 0:33:32]} e2 {[%clk 0:54:59]} 41. a4 {[%clk 0:33:25]} Qf2+ {[%clk
0:55:13]} 42. Kh3 {[%clk 0:33:39]} e1Q {[%clk 0:55:21]} 0-1

[Event "50+ World Senior Team Championship"]
[Site "chess24.com"]
[Date "2017.04.26"]
[Round "3"]
[White "Vaganian, Rafael A"]
[Black "Short, Nigel D"]
[Result "1/2-1/2"]
[Board "1"]
[WhiteElo "2560"]
[WhiteTitle "GM"]
[WhiteCountry "ARM"]
[WhiteFideId "13300016"]
[WhiteEloChange "2"]
[BlackElo "2683"]
[BlackTitle "GM"]
[BlackCountry "ENG"]
[BlackFideId "400025"]
[BlackEloChange "-2"]

1. d4 {[%clk 1:30:55]} Nf6 {[%clk 1:30:49]} 2. Nf3 {[%clk 1:31:12]} d5 {[%clk
1:30:40]} 3. c4 {[%clk 1:31:33]} e6 {[%clk 1:31:04]} 4. Nc3 {[%clk 1:31:49]} Be7
{[%clk 1:30:24]} 5. Bf4 {[%clk 1:29:37]} c5 {[%clk 1:29:45]} 6. dxc5 {[%clk
1:29:22]} Na6 {[%clk 1:30:07]} 7. e3 {[%clk 1:24:25]} Nxc5 {[%clk 1:30:23]} 8.
cxd5 {[%clk 1:24:26]} Nxd5 {[%clk 1:30:34]} 9. Bb5+ {[%clk 1:20:33]} Bd7 {[%clk
1:30:28]} 10. Bxd7+ {[%clk 1:20:50]} Qxd7 {[%clk 1:30:39]} 11. Nxd5 {[%clk
1:21:03]} exd5 {[%clk 1:30:46]} 12. O-O {[%clk 1:21:22]} O-O {[%clk 1:31:06]} 13.
Be5 {[%clk 1:21:18]} b5 {[%clk 1:24:34]} 14. Bd4 {[%clk 1:18:21]} Ne6 {[%clk
1:23:32]} 15. Qd3 {[%clk 1:18:17]} Qb7 {[%clk 1:15:50]} 16. Rac1 {[%clk 1:16:12]}
Rac8 {[%clk 1:13:23]} 17. Rfd1 {[%clk 1:12:47]} a6 {[%clk 1:12:33]} 18. g3 {[%clk
1:08:04]} Rxc1 {[%clk 1:10:31]} 19. Rxc1 {[%clk 1:08:19]} Rc8 {[%clk 1:10:55]}
20. Rxc8+ {[%clk 1:00:45]} Qxc8 {[%clk 1:10:55]} 21. b3 {[%clk 1:00:45]} 1/2-1/2